| 000 | 00550nam a22001577a 4500 | ||
|---|---|---|---|
| 082 | _aT-145 | ||
| 100 |
_aAnjum Saeed. _948537 |
||
| 245 |
_aEvaluation asphalt cement temperature susceptibility with /with out using selected additives/polymer at different temperature using 40/50 and 60/70 grade asphalt cement. _cAnjum Saeed. |
||
| 260 |
_aRisalpur. _bMCE _c6th May 2003. |
||
| 300 | _a175 p.: | ||
| 526 |
_a0 _b0 _c0 _dT_145 |
||
| 650 |
_aMSc in CE. _948538 |
||
| 650 |
_aThesis _934811 |
||
| 700 |
_aTayyab Akram, Brig. _948539 |
||
| 942 |
_2ddc _cBK |
||
| 999 |
_c551445 _d551445 |
||